| 000 | 00859cam a2200217 4500 | ||
|---|---|---|---|
| 001 | WB3744-25 | ||
| 008 | 011122n2001 000 0 eng u | ||
| 035 | _a(Sirsi) u115688 | ||
| 245 | _aOutsource call to aid frontline staff | ||
| 260 | _c2001 | ||
| 490 |
_aPlanning (for the Natural and Built Environment) _v(1445) 16 November 2001, 1(1) |
||
| 520 | _aRICS is working with the DLTR on drawing up proposals to outsource minor planning applications to consultants. RICS proposes outsourcing as way to address the workload in various planning authorities. The RTPI warns that successful outsourcing is difficult to achieve | ||
| 590 | _aWB | ||
| 650 | _aOUTSOURCING | ||
| 650 | _aPLANNING APPLICATIONS | ||
| 650 | _aRICS | ||
| 650 | _aDTLR | ||
| 650 | _aRTPI | ||
| 690 | _aENVIRONMENTAL AND LAND CONSULTANCY-PLANNING AND DEVELOPMENT | ||
| 942 | _n0 | ||
| 999 |
_c68903 _d68903 |
||